[Event "e2e4 Gatwick Nov Open"]
[Site "Crawley ENG"]
[Date "2013.11.02"]
[Round "3"]
[White "Zhang,Anthony Y"]
[Black "Bird,A"]
[Result "0-1"]
[WhiteElo "1872"]
[BlackElo "2221"]

1.d4 d5 2.Nf3 Nf6 3.c4 c6 4.Nc3 a6 5.cxd5 cxd5 6.Bf4 Nc6 7.Rc1 Bf5 8.e3 Rc8
9.Be2 e6 10.O-O Bd6 11.Bxd6 Qxd6 12.Na4 O-O 13.Nc5 Rc7 14.a3 a5 15.Bb5 Na7
16.Bd3 Bg4 17.Qd2 Bxf3 18.gxf3 b6 19.Nb3 Nc6 20.Bb5 Ne7 21.Rxc7 Qxc7 22.Rc1 Qb8
23.Bd3 Rc8 24.Rc3 g6 25.Qc2 Ne8 26.Rxc8 Qxc8 27.Qxc8 Nxc8 28.Nd2 Ned6 29.f4 Kg7
30.Kf1 h6 31.Ke2 g5 32.fxg5 hxg5 33.h3 Kh6 34.Kf3 Ne7 35.Nb1 Kh5 36.Nc3 Kh4
37.Kg2 Nc4 38.Bxc4 dxc4 39.Nb5 Nd5 40.Nd6 c3 41.bxc3 Nxc3 42.Nxf7 Nb5 43.a4 Nc3
44.Nd6 Nxa4 45.Nc4 Nc3 46.Nxb6 a4 47.Nc4 Nb5 48.Nd2 a3 49.Nb3 a2 50.Na1 Nc3
51.Nc2 Ne4 52.Na1 Nd2 53.Kh2 Ne4 54.Kg2 Nd2 55.Kh2 Nf3+ 56.Kg2 Ne1+ 57.Kh2 g4
58.hxg4 Kxg4 59.Kg1 Kf3 60.Kf1 Nd3 61.Nc2 Nxf2 62.Ke1 Ng4 63.Kd2 Nxe3 64.Na1 Ke4
65.Kc3 Nf5 66.Kb2 Nxd4 67.Kxa2 Kd3 68.Kb2 Kd2 69.Ka3 e5 70.Kb4 Kd3  0-1

[Event "52nd TCh-DEN XtraCon 2013-14"]
[Site "Denmark DEN"]
[Date "2013.11.02"]
[Round "1.3"]
[White "Rasmussen,Kar"]
[Black "Lindfeldt,J"]
[Result "1-0"]
[WhiteElo "2419"]
[BlackElo "2286"]

1.d4 d5 2.Nf3 Nf6 3.c4 c6 4.Nc3 a6 5.cxd5 cxd5 6.Bf4 Nc6 7.Rc1 Bf5 8.e3 e6
9.Qb3 Ra7 10.Be2 Be7 11.O-O O-O 12.Na4 Nd7 13.Rfd1 Bg6 14.Nc5 Nxc5 15.dxc5 Qa5
16.Qb6 Rc8 17.Ne5 Bd8 18.Nxc6 Bxb6 19.Ne7+ Kh8 20.Nxc8 Bxc5 21.Nxa7 h6 22.Nc8 f6
23.a3 e5 24.b4 Qxa3 25.bxc5 exf4 26.exf4 d4 27.Bf3 d3 28.Ne7 Bf7 29.Nd5 d2
30.Rc2 Bg6 31.Rcxd2 Qxc5 32.g3 b5 33.Nxf6 gxf6 34.Rd8+ Kg7 35.R1d7+ Bf7 36.Bd5 Qc1+
37.Kg2 b4 38.f5 a5 39.Rxf7+  1-0

[Event "TCh-FIN SM 2013-14"]
[Site "Joensuu FIN"]
[Date "2013.11.02"]
[Round "5.6"]
[White "Ronka,E"]
[Black "Hokkanen,P"]
[Result "1/2-1/2"]
[WhiteElo "2121"]
[BlackElo "2291"]

1.d4 d5 2.c4 c6 3.Nf3 Nf6 4.Nc3 a6 5.a4 e6 6.g3 Bb4 7.Bg2 O-O 8.O-O dxc4
9.Ne5 Nd5 10.Na2 Be7 11.Nxc4 b5 12.Ne5 Bb7 13.Nc3 Nd7 14.Nd3 Qb6 15.e4 Nb4
16.Be3 Nxd3 17.Qxd3 b4 18.a5 Qd8 19.Ne2 c5 20.Rfd1 Rc8 21.b3 Qc7 22.Bf4 e5
23.dxe5 Nxe5 24.Bxe5 Qxe5 25.Nf4 Rfd8 26.Nd5 Bxd5 27.exd5 Qf6 28.Rac1 Qd6
29.Rc2 Bf6 30.Qc4 Bc3 31.Bf1 Ra8 32.Qf4 Qxf4  1/2-1/2

[Event "TCh-CZE Extraliga 2013-14"]
[Site "Novy Bor CZE"]
[Date "2013.11.02"]
[Round "1.7"]
[White "Babula,V"]
[Black "Neuman,P"]
[Result "1/2-1/2"]
[WhiteElo "2574"]
[BlackElo "2497"]

1.d4 d5 2.Nf3 Nf6 3.c4 c6 4.Nc3 a6 5.a4 e6 6.Bg5 a5 7.e3 Be7 8.Be2 O-O 9.O-O Na6
10.Qb3 b6 11.Rfd1 Bb7 12.Ne5 Rc8 13.Rac1 Nb4 14.Na2 Nxa2 15.Qxa2 h6 16.Bh4 g5
17.Bg3 Ne4 18.Qb3 Bb4 19.Nd3 c5 20.dxc5 bxc5 21.cxd5 Nxg3 22.hxg3 c4 23.Rxc4 Bxd5
24.Nxb4 Bxc4 25.Bxc4 Qc7 26.Ba6 Rb8 27.Qc2 Qb6 28.Nc6 Qxa6 29.Nxb8 Rxb8 30.Qc7 Rc8
31.Rd8+ Rxd8 32.Qxd8+ Kg7 33.Qd4+ Kg6 34.Qe4+ f5 35.Qe5 Kf7 36.Qc7+ Kg6 37.Qe5 Kf7
38.Qc7+ Kg6 39.Qd7 Qc4 40.Qb5 Qc1+ 41.Kh2 Qd2 42.Qe5 Kf7 43.f3 h5 44.f4 g4
45.e4 Qe1 46.Qc7+ Kg6 47.exf5+ exf5 48.Qd6+ Kf7 49.Qd5+ Kf6 50.Qd8+ Kf7 51.Qg5 Qe6
52.Qxh5+ Ke7 53.Qh7+ Kd6 54.Qb7 Qd5 55.Qb6+ Kd7 56.b3 Kc8 57.b4 axb4 58.Qxb4 Qd8
59.a5 Qh8+ 60.Kg1 Qa1+ 61.Kh2 Qh8+ 62.Kg1 Qa1+ 63.Kf2 Qa2+ 64.Kf1 Qc2 65.Qb6 Qc1+
66.Kf2 Qc2+ 67.Kg1 Qc3 68.a6 Qa1+ 69.Kh2 Qh8+ 70.Kg1 Qa1+ 71.Kf2 Qa2+ 72.Ke3 Qa3+
73.Kd4 Qd6+ 74.Qxd6  1/2-1/2

[Event "3rd Panama Open"]
[Site "Panama City PAN"]
[Date "2013.11.04"]
[Round "8.9"]
[White "Delgado Ramos,H"]
[Black "Juarez Flores,C"]
[Result "1/2-1/2"]
[WhiteElo "2460"]
[BlackElo "2404"]

1.d4 d5 2.c4 c6 3.Nc3 Nf6 4.Nf3 a6 5.a4 g6 6.e3 Bg7 7.Be2 a5 8.O-O O-O 9.h3 Na6
10.Qb3 Nb4 11.Bd2 Be6 12.cxd5 Nfxd5 13.Bc4 Nc7 14.Rfd1 Bxc4 15.Qxc4 Nca6
16.Rac1 Rc8 17.e4 Qd7 18.Be3 Rfd8 19.Ne5 Qe8 20.Qe2 c5 21.f4 cxd4 22.Bxd4 Nc5
23.Bxc5 Rxc5 24.Rxd8 Qxd8 25.Rd1 Qe8 26.Nd7 Rc7 27.Qb5 Nc6 28.Nb6 Bxc3 29.bxc3 e6
30.Kh1 Qe7 31.Qd3 h5 32.e5 Kg7 33.Nc4 Qc5 34.Nd6 Kf8 35.Qg3 Rd7 36.Kh2 Ne7
37.Qg5 Nf5 38.Nxb7 Qc7 39.Rb1 Qb8 40.Nc5 Qxb1 41.Nxd7+ Ke8 42.Nf6+ Kf8 43.Nd7+ Ke8
44.Nf6+ Kf8  1/2-1/2

[Event "Arab Clubs 2013"]
[Site "Monastir TUN"]
[Date "2013.11.05"]
[Round "2.2"]
[White "Belouadah,S"]
[Black "Elbaruni,M"]
[Result "1-0"]
[WhiteElo "2301"]
[BlackElo "2076"]

1.d4 d5 2.c4 c6 3.Nc3 Nf6 4.Nf3 a6 5.b3 g6 6.g3 Bg7 7.Bg2 O-O 8.O-O b5 9.Ne5 Bb7
10.Ba3 Nfd7 11.cxd5 Nxe5 12.dxe5 Bxe5 13.Rc1 Re8 14.Qd2 a5 15.Bb2 b4 16.Na4 Bxb2
17.Qxb2 cxd5 18.Rfd1 Na6 19.h4 Qd6 20.h5 Rad8 21.h6 e5 22.Bxd5 Bxd5 23.e4 Qf8
24.Rxd5 Qxh6 25.Nb6 Rb8 26.Nd7 Rbc8 27.Nf6+ Kf8 28.Rcd1 Re6 29.Rd8+  1-0

[Event "3rd Panama Open"]
[Site "Panama City PAN"]
[Date "2013.11.05"]
[Round "9.14"]
[White "Gomez Ledo,R"]
[Black "Ramos,Ef"]
[Result "1-0"]
[WhiteElo "2426"]
[BlackElo "2222"]

1.d4 d5 2.c4 c6 3.Nf3 Nf6 4.Nc3 a6 5.c5 Nbd7 6.Bf4 Nh5 7.e3 Nxf4 8.exf4 g6
9.h4 Bg7 10.h5 b6 11.cxb6 Qxb6 12.Qd2 Rb8 13.b3 e6 14.hxg6 hxg6 15.Rxh8+ Bxh8
16.Na4 Qc7 17.Ne5 Nxe5 18.fxe5 Bxe5 19.Be2 Bf4 20.Qc2 e5 21.g3 Bg5 22.dxe5 Bf5
23.Qc3 Be7 24.Kf1 Bb4 25.Qd4 c5 26.Qf4 d4 27.g4 Bc2 28.Kg2 d3 29.Rh1 c4 30.Bf3 cxb3
31.Qf6 Rc8 32.Nb6 Bd1 33.Rxd1 bxa2 34.Nxc8 Qxc8 35.Bc6+  1-0

[Event "Leuven Open 2013"]
[Site "Leuven BEL"]
[Date "2013.11.09"]
[Round "2.1"]
[White "Van Praag,B"]
[Black "Hovhanisian,M"]
[Result "0-1"]
[WhiteElo "1900"]
[BlackElo "2505"]

1.d4 d5 2.c4 c6 3.Nf3 Nf6 4.Nc3 a6 5.cxd5 cxd5 6.Bf4 Nc6 7.e3 e6 8.Rc1 Be7
9.Bd3 Nh5 10.Bg3 Nxg3 11.hxg3 g6 12.a3 Bd7 13.O-O O-O 14.b4 Rc8 15.Qb3 b5
16.Rc2 Qb6 17.Rfc1 Rfd8 18.Qb2 Be8 19.Qb3 Kg7 20.Qb2 f6 21.Qb3 Bf7 22.Bf1 e5
23.Ne2 e4 24.Nd2 h5 25.Nf4 g5 26.Nh3 Na7 27.Be2 Rxc2 28.Rxc2 Rc8 29.Rxc8 Nxc8
30.Qc3 Nd6 31.Nb3 Nc4 32.Nc5 Bd6 33.Kh1 Bc7 34.Kg1 Qc6 35.Kf1 Kg6 36.Ke1 Kh6
37.Kf1 Kg6 38.Ke1 a5 39.Kf1 axb4 40.axb4 Qa8 41.Bxc4 dxc4 42.Ng1 Qa2 43.Ne2 Qb1+
44.Nc1 Bd5 45.Ke2 f5 46.Kd2 f4 47.gxf4 gxf4 48.Kd1 f3 49.g3 Kg5 50.Ke1  0-1

[Event "TCh-SVK Ext 2013-14"]
[Site "Trencin SVK"]
[Date "2013.11.09"]
[Round "1.3"]
[White "Motuz,K"]
[Black "Dovzik,J"]
[Result "1-0"]
[WhiteElo "2312"]
[BlackElo "2330"]

1.d4 d5 2.c4 c6 3.Nf3 Nf6 4.Nc3 a6 5.c5 Nbd7 6.Bf4 Nh5 7.Bd2 Nhf6 8.Bf4 Nh5
9.Bd2 Nhf6 10.Rc1 g6 11.g3 Bg7 12.Bg2 O-O 13.O-O Ne4 14.Bf4 Nxc3 15.Rxc3 Nf6
16.Qc1 Ne4 17.Rb3 Re8 18.Rd1 Ra7 19.Nd2 Nf6 20.Be5 Bf5 21.h3 Qc8 22.g4 Be6
23.Nf1 Bf8 24.Ng3 Nd7 25.Bf4 Bg7 26.Bh6 Bh8 27.f4 f6 28.f5 Bf7 29.e4 dxe4
30.Bxe4 g5 31.h4 gxh4 32.Nh5 Bxh5 33.gxh5 Bg7 34.Bf4 e5 35.fxe6 Nf8 36.Bf5 Rxe6
37.Qc4 Kh8 38.Re3 Qe8 39.Bxe6 Qxh5 40.Qe2  1-0

[Event "TCh-CZE Zapad 2013-14"]
[Site "Czech Rep CZE"]
[Date "2013.11.10"]
[Round "2.6"]
[White "Ringel,Z"]
[Black "Constantinou,Pe"]
[Result "0-1"]
[WhiteElo "2249"]
[BlackElo "2254"]

1.d4 d5 2.c4 c6 3.Nf3 Nf6 4.Nc3 a6 5.Bg5 dxc4 6.e4 b5 7.Qc2 h6 8.Bh4 g5 9.Bg3 Bg7
10.Rd1 Qa5 11.a3 Bg4 12.Be2 Nbd7 13.O-O Nh5 14.e5 Nxg3 15.hxg3 Be6 16.Nh2 Qb6
17.Bg4 Bxg4 18.Nxg4 O-O 19.e6 fxe6 20.Qg6 Rf6 21.Qe4 Nf8 22.Rfe1 Rf5 23.Ne3 Rf7
24.Qg4 Rd8 25.Qh5 Rxd4 26.Ng4 Rxg4 27.Qxg4 Qxf2+ 28.Kh2 Qxb2 29.Ne4 c3 30.Nc5 Rf2
31.Qe4 c2 32.Rc1 Qd4 33.Qxc6 Qd5 34.Qxd5 exd5 35.Nd3 Rd2 36.Nb4 Bc3 37.Rxe7 Bxb4
38.axb4 d4 39.Re8 Kg7 40.Rf1 Ng6 41.Rc8 Ne5 42.Re1  0-1

[Event "Chinese Teams 2013"]
[Site "Shijiazhuang CHN"]
[Date "2013.11.11"]
[Round "15.3"]
[White "Tan Zhongyi"]
[Black "Gu,T"]
[Result "1-0"]
[WhiteElo "2510"]
[BlackElo "2044"]

1.d4 d5 2.Nf3 Nf6 3.c4 c6 4.Nc3 a6 5.g3 g6 6.Bg2 Bg7 7.cxd5 cxd5 8.Ne5 O-O
9.O-O Nc6 10.Nxc6 bxc6 11.Bf4 Nd7 12.Rc1 e5 13.dxe5 Nxe5 14.Na4 Qa5 15.b3 Qb5
16.Rc5 Qb7 17.Qd2 Be6 18.Rfc1 Rac8 19.Bh6 Bxh6 20.Qxh6 Bg4 21.h3 Be6 22.Qe3 Nd7
23.R5c3 Qb5 24.Nc5 d4 25.Qxd4 Nxc5 26.Rxc5 Qxe2 27.R5c2 Qh5 28.Kh2 Rfd8 29.Qa4 Qb5
30.Qa3 Qd3 31.Rxc6 Rxc6 32.Rxc6 Qe2 33.Rxa6 Qxf2 34.Ra8 Rxa8 35.Qxa8+ Kg7
36.Qa5 Qe2 37.a4 h5 38.Qb5 Qf2 39.h4 f5 40.a5 Kh7 41.Qb7+  1-0

[Event "4th Brno Open 2013"]
[Site "Brno CZE"]
[Date "2013.11.21"]
[Round "7.2"]
[White "Plat,V"]
[Black "Piankov,E"]
[Result "1-0"]
[WhiteElo "2472"]
[BlackElo "2264"]

1.d4 d5 2.Nf3 c6 3.c4 Nf6 4.Nc3 a6 5.e3 b5 6.b3 Bg4 7.Qc2 Bxf3 8.gxf3 g6
9.f4 e6 10.Bd3 Nbd7 11.a4 bxc4 12.bxc4 Bb4 13.Kf1 Ng4 14.f3 Nh6 15.Ne2 O-O
16.e4 Qh4 17.Kg2 Nf6 18.Be3 dxe4 19.fxe4 Nh5 20.Raf1 Ng4 21.Bc1 f5 22.e5 g5
23.h3 Nh6 24.fxg5 Nf7 25.Rhg1 Kh8 26.Kh2 Rg8 27.Bxf5 Nxg5 28.Bxg5 Rxg5 29.Rxg5 Qxg5
30.Bxe6 Ng7 31.Bg4 h5 32.Bd7 Rf8 33.Rxf8+ Bxf8 34.Qe4 a5 35.Nf4 Bb4 36.Ng2 c5
37.Qa8+ Kh7 38.Bc6 cxd4 39.Be4+ Nf5 40.Qc8 Qg3+ 41.Kg1 Qxe5 42.Qxf5+ Qxf5
43.Bxf5+  1-0

[Event "UT Dallas GM Inv 2013"]
[Site "Dallas USA"]
[Date "2013.11.21"]
[Round "1.1"]
[White "Margvelashvili,G"]
[Black "Kritz,L"]
[Result "1/2-1/2"]
[WhiteElo "2556"]
[BlackElo "2600"]

1.d4 d5 2.c4 c6 3.Nf3 Nf6 4.Nc3 a6 5.e3 b5 6.b3 Bg4 7.h3 Bxf3 8.Qxf3 e6 9.Bd3 Bb4
10.Bd2 Qa5 11.Rc1 Bxc3 12.Bxc3 Qxa2 13.Qd1 dxc4 14.bxc4 bxc4 15.Ra1 Qb3 16.Qxb3 cxb3
17.Ke2 Nd5 18.Bd2 O-O 19.Rhb1 Rc8 20.Rxb3 c5 21.dxc5 Rxc5 22.Rba3 Rc6 23.g4 h6
24.f3 Nc7 25.Be4 Nd5 26.Bd3 Nc7 27.Be4 Nd5 28.Bd3 Nc7 29.Be4 Nd5 30.Bd3  1/2-1/2

[Event "ch-PAR 2013"]
[Site "Asuncion URU"]
[Date "2013.11.22"]
[Round "5.4"]
[White "Latorre,Man"]
[Black "Butti,E"]
[Result "1/2-1/2"]
[WhiteElo "2308"]
[BlackElo "2060"]

1.d4 d5 2.c4 c6 3.Nf3 Nf6 4.Nc3 a6 5.c5 Nbd7 6.Bf4 Nh5 7.Bc1 g6 8.g4 Nhf6
9.h3 Qc7 10.Bg5 h5 11.Bxf6 Nxf6 12.g5 Nd7 13.Qd2 Bg7 14.e3 O-O 15.Be2 e5
16.Nh4 exd4 17.exd4 Re8 18.O-O-O b6 19.cxb6 Nxb6 20.Nf3 c5 21.dxc5 Qxc5 22.Nd4 Rb8
23.Nb3 Qxf2 24.Rdf1 Qe3 25.Qxe3 Rxe3 26.Rf3 Rxf3 27.Bxf3 Be6 28.h4 Rc8 29.Kd2 d4
30.Nd1 Nc4+ 31.Ke2 Bf5 32.Bb7 d3+ 33.Kf2 Re8 34.Re1 Rxe1  1/2-1/2

[Event "ch-VIE w 2013"]
[Site "Ho Chi Minh City VIE"]
[Date "2013.11.22"]
[Round "5.1"]
[White "Nguyen Thi Thanh An"]
[Black "Hoang Thi Bao Tram"]
[Result "1/2-1/2"]
[WhiteElo "2219"]
[BlackElo "2261"]

1.d4 d5 2.c4 c6 3.Nf3 Nf6 4.Nc3 a6 5.cxd5 cxd5 6.Bf4 Nc6 7.e3 Bf5 8.Rc1 e6
9.Bd3 Bxd3 10.Qxd3 Bd6 11.Bxd6 Qxd6 12.O-O O-O 13.Na4 Ne4 14.Nc5 Nxc5 15.Rxc5 Rac8
16.Rfc1 Ne7 17.Rxc8 Rxc8 18.Rxc8+ Nxc8 19.Qc3 Ne7 20.Ne5 f6 21.Nd3 Qc6 22.Qxc6 Nxc6
23.Kf1 Kf7 24.Ke2 Ke7 25.Nc5 Nd8 26.Kd3 Kd6 27.b4 Kc6 28.Kc3 Kd6 29.Kd3 Kc6
30.Kc3 Kd6 31.Kd3  1/2-1/2

[Event "10th Vasylyshyn Memorial GM"]
[Site "Lviv UKR"]
[Date "2013.11.22"]
[Round "4"]
[White "Bortnik,A"]
[Black "Ali Marandi,C"]
[Result "1/2-1/2"]
[WhiteElo "2456"]
[BlackElo "2371"]

1.d4 d5 2.c4 c6 3.Nf3 Nf6 4.Nc3 a6 5.cxd5 cxd5 6.Bf4 Nc6 7.e3 Bg4 8.Rc1 Rc8
9.Be2 e6 10.Qb3 Bxf3 11.gxf3 Na5 12.Qa4+ b5 13.Bxb5+ axb5 14.Qxb5+ Nd7 15.O-O Nc4
16.Na4 Nd6 17.Qa6 Ra8 18.Qc6 Rc8 19.Qa6 Ra8  1/2-1/2

[Event "Piestany Open 2013"]
[Site "Piestany SVK"]
[Date "2013.11.22"]
[Round "6.12"]
[White "Majzlan,B"]
[Black "Nemergut,P"]
[Result "0-1"]
[WhiteElo "1797"]
[BlackElo "1978"]

1.d4 d5 2.Nf3 Nf6 3.c4 c6 4.Nc3 a6 5.cxd5 cxd5 6.g3 Nc6 7.Bg2 e6 8.O-O Bd6
9.Bg5 h6 10.Bxf6 gxf6 11.e4 dxe4 12.Nxe4 Be7 13.Nc3 Nb4 14.Re1 Nd5 15.Qb3 Nxc3
16.bxc3 Qc7 17.c4 Bd7 18.Nd2 Rb8 19.Rac1 Qa5 20.c5 Qxd2 21.c6 O-O 22.cxd7 Qxd4
23.Rxe6 Qxd7 24.Rb6 Rfd8 25.Rb1 Qd2 26.Rxb7 Rxb7 27.Qxb7 Bc5 28.Qf3 Qxa2
29.Qg4+ Kf8 30.Qf5 Bxf2+ 31.Kh1 Qe2 32.Bf1 Qe5 33.Qxe5 fxe5 34.Bxa6 e4 35.Rb7 Rd4
36.Kg2 Be1 37.Rc7 Ba5 38.Rc5 Rd2+ 39.Kh3 Bb6 40.Re5 e3 41.Bc4 Kg7 42.Re4 Rf2
43.Re7 Kg6 44.g4 Bc5 45.Re8 Bd6  0-1

[Event "Chennai GM Open 2013"]
[Site "Chennai IND"]
[Date "2013.11.23"]
[Round "11.4"]
[White "Lalith,B"]
[Black "Borovikov,V"]
[Result "0-1"]
[WhiteElo "2570"]
[BlackElo "2558"]

1.d4 d5 2.c4 c6 3.Nf3 Nf6 4.Nc3 a6 5.c5 g6 6.g3 Bg7 7.Bg2 O-O 8.O-O Nbd7
9.Qb3 Re8 10.Rd1 h6 11.Na4 Ne4 12.Be3 f5 13.Ne5 Nxe5 14.dxe5 Bxe5 15.Nb6 Rb8
16.f3 Nf6 17.Bxh6 e6 18.Bg5 Qe7 19.Na4 Qg7 20.Rac1 Nh7 21.Be3 Bf6 22.Bf2 e5
23.e4 Be6 24.exd5 cxd5 25.Nb6 d4 26.Qa4 Qc7 27.b4 Rbd8 28.Rc2 Ng5 29.Rcd2 Kg7
30.Re1 Bf7 31.Qd1 Rh8 32.h4 Ne6 33.Nc4 b5 34.Nb2 Rhe8 35.Nd3 Rd7 36.Rde2 Nd8
37.g4 Kg8 38.Qc2 Rde7 39.Nb2 Be6 40.a3 Nc6 41.h5 Bc8 42.hxg6 e4 43.fxe4 fxg4
44.Rf1 Kg7 45.Nd3 Rh8 46.e5 Nxe5 47.Bg3 Nf3+ 48.Kf2 Qxg3+  0-1

[Event "Chennai GM Open 2013"]
[Site "Chennai IND"]
[Date "2013.11.23"]
[Round "11.3"]
[White "Neverov,V"]
[Black "Mozharov,M"]
[Result "1-0"]
[WhiteElo "2508"]
[BlackElo "2508"]

1.d4 d5 2.c4 c6 3.Nf3 Nf6 4.Nc3 a6 5.c5 Nbd7 6.Bf4 Nh5 7.Bd2 Nhf6 8.Bf4 Nh5
9.Bd2 Nhf6 10.h3 Qc7 11.g3 g6 12.Bg2 Bg7 13.Bf4 Qd8 14.O-O O-O 15.Qb3 Nh5
16.Bd2 Qc7 17.e4 dxe4 18.Nxe4 Ndf6 19.Nc3 Be6 20.Qa4 Nd5 21.Ng5 Nxc3 22.bxc3 Bd5
23.Rab1 Bxg2 24.Kxg2 e5 25.dxe5 Bxe5 26.Ne4 Rad8 27.Bh6 Rfe8 28.Rfe1 Re6
29.Nd6 Bxd6 30.cxd6 Qd7 31.Rxe6 Qxe6 32.Rxb7 Qd5+ 33.Kh2 Ng7 34.Qxa6 Nf5
35.Qb6 Qxd6 36.Bf4 Qf6 37.Qxd8+ Qxd8 38.Rb8 Qxb8 39.Bxb8 Kf8 40.Kg2 Ke7 41.Kf3 Ke6
42.Ke4 c5 43.a4 Ne7 44.a5 f5+ 45.Kf4 Nd5+ 46.Kg5 Nxc3 47.a6 Nd5 48.a7 Nb6
49.Kh6 c4 50.Kxh7 Kf7 51.Be5 Na8 52.f4 Nb6 53.g4 fxg4 54.hxg4 Na8 55.g5  1-0

[Event "UT Dallas IM Inv 2013"]
[Site "Dallas USA"]
[Date "2013.11.23"]
[Round "3.4"]
[White "Danelia,M"]
[Black "Calugar,A"]
[Result "1-0"]
[WhiteElo "2219"]
[BlackElo "2334"]

1.d4 d5 2.c4 c6 3.Nf3 Nf6 4.Nc3 a6 5.c5 Nbd7 6.g3 b6 7.cxb6 Qxb6 8.Bg2 e6
9.O-O c5 10.dxc5 Nxc5 11.Rb1 Nce4 12.Be3 Qa5 13.Ne5 Bb7 14.Bd4 Rc8 15.b4 Qa3
16.Bxe4 Rxc3 17.Bxc3 Nxe4 18.Bd4 Bd6 19.Nd3 O-O 20.f3 Nc3 21.Rb3 Qxb3 22.Qxb3 Nxe2+
23.Kf2 Nxd4 24.Qb2 e5 25.Re1 Rc8 26.Rc1 Bc6 27.Nc5 Bb5 28.Nb7 Rxc1 29.Qxc1 Bxb4
30.Qc8+ Bf8 31.Nc5 g6 32.a4 Bc4 33.Nd7 Ne6 34.Nxe5 Bb3 35.Qb7 Bc5+ 36.Kg2 d4
37.Qxb3  1-0

[Event "UT Dallas GM Inv 2013"]
[Site "Dallas USA"]
[Date "2013.11.23"]
[Round "3.3"]
[White "Iotov,V"]
[Black "Ramirez,Alej"]
[Result "1/2-1/2"]
[WhiteElo "2568"]
[BlackElo "2597"]

1.d4 d5 2.Nf3 Nf6 3.c4 c6 4.Nc3 a6 5.e3 Bf5 6.Bd3 Bxd3 7.Qxd3 e6 8.O-O Be7
9.e4 O-O 10.Bf4 dxe4 11.Nxe4 Nxe4 12.Qxe4 Nd7 13.Rad1 Re8 14.Rfe1 Qa5 15.Qc2 Bb4
16.Rf1 Be7 17.Rfe1 Bb4 18.Rf1 Be7 19.a3 Bf6 20.Qb3 Qb6 21.Qxb6 Nxb6 22.b3 Nd7
23.Rfe1 Be7 24.a4 Bb4 25.Bd2 Bxd2 26.Rxd2 Rad8 27.a5 Nf8 28.h4 f6 29.g3 h5
30.Kf1 Kf7 31.Ke2 Rd7 32.Kd1 Red8 33.Kc2 Ng6 34.Rde2 Nf8 35.b4 Rd6 36.Re3 R6d7
37.Kc3 Rd6 38.Kc2  1/2-1/2

[Event "XXVII Belgrade Trophy"]
[Site "Obrenovac SRB"]
[Date "2013.11.24"]
[Round "1.4"]
[White "Damljanovic,B"]
[Black "Trisic,D"]
[Result "1-0"]
[WhiteElo "2569"]
[BlackElo "2051"]

1.d4 d5 2.c4 c6 3.Nf3 Nf6 4.Nc3 a6 5.a4 e6 6.Bg5 Nbd7 7.e3 Bd6 8.Bd3 O-O
9.O-O Re8 10.e4 dxc4 11.Bxc4 e5 12.Ba2 Qe7 13.d5 c5 14.Nd2 Rb8 15.a5 b5 16.axb6 Nxb6
17.Bc4 Nxc4 18.Nxc4 Rb4 19.b3 h6 20.Bd2 Nd7 21.Na4 Rb5 22.Qc2 Rf8 23.Rac1 Nb8
24.Be3 Nd7 25.Nxd6 Qxd6 26.Nxc5 Qb8 27.Rfd1 Rd8 28.Ne6 fxe6 29.dxe6 Kf8 30.b4 Ke8
31.Qxc8 Rxc8  1-0

[Event "ch-IRI 2013"]
[Site "Tabriz IRI"]
[Date "2013.11.28"]
[Round "2.3"]
[White "Idani,P"]
[Black "Mahdavirad,M"]
[Result "1-0"]
[WhiteElo "2483"]
[BlackElo "2294"]

1.d4 d5 2.c4 c6 3.Nf3 Nf6 4.Nc3 a6 5.c5 g6 6.h3 Bg7 7.Bf4 O-O 8.e3 Re8 9.Be2 Nbd7
10.O-O Nf8 11.Re1 N6d7 12.e4 dxe4 13.Nxe4 Nf6 14.Nc3 Be6 15.Bh2 Nd5 16.Bf1 Qd7
17.Ne5 Bxe5 18.Bxe5 f6 19.Bh2 Rad8 20.Na4 Nb4 21.a3 Qxd4 22.Qxd4 Rxd4 23.axb4 Rxb4
24.Bc7 Bb3 25.Nc3 Kf7 26.Ba5 Rd4 27.Re3 Nd7 28.Ne2 Ra4 29.Rxa4 Bxa4 30.b4 Bb5
31.Nd4 f5 32.Ne6 Kf6 33.f4 h6 34.h4  1-0

[Event "9th Ugra Governor's Cup B"]
[Site "Khanty-Mansiysk RUS"]
[Date "2013.11.29"]
[Round "2"]
[White "Sergeev,Ve"]
[Black "Solcanean,S"]
[Result "1-0"]
[WhiteElo "2374"]
[BlackElo "2089"]

1.d4 d5 2.c4 c6 3.Nc3 Nf6 4.Nf3 a6 5.e3 b5 6.b3 Bg4 7.Be2 e6 8.O-O Nbd7 9.h3 Bh5
10.Bb2 Qb8 11.c5 Be7 12.b4 a5 13.a3 O-O 14.Nd2 Bxe2 15.Qxe2 e5 16.f3 exd4
17.exd4 Bd8 18.f4 Bc7 19.Qf3 Re8 20.g3 Re7 21.Rae1 Qe8 22.Re5 Nf8 23.Rfe1 Bxe5
24.dxe5 N6d7 25.Nb3 axb4 26.axb4 Ra6 27.Nd4 g6 28.g4 Ne6 29.Nxc6 Rxc6 30.Nxd5 Nd8
31.f5 Nxe5 32.Nxe7+ Qxe7 33.Rxe5 Qf8 34.Qe2  1-0

[Event "1st Lima International 2013"]
[Site "Lima PER"]
[Date "2013.11.29"]
[Round "4.5"]
[White "Mendoza,Ro"]
[Black "Gemy,J"]
[Result "0-1"]
[WhiteElo "2198"]
[BlackElo "2329"]

1.d4 d5 2.c4 c6 3.Nf3 Nf6 4.Nc3 a6 5.a4 e6 6.e3 Bb4 7.Bd2 O-O 8.Bd3 dxc4
9.Bxc4 c5 10.O-O Nc6 11.dxc5 e5 12.Qc2 Bg4 13.Ng5 Bh5 14.Bd3 h6 15.Nge4 Nxe4
16.Bxe4 Bxc5 17.Na2 Be7 18.Bc3 Rc8 19.Bf5 Rc7 20.g4 Bg6 21.Bxg6 fxg6 22.Qxg6 Qd5
23.Nc1 Qf3 24.Nd3 Rf6 25.Qe8+ Kh7 26.Nxe5 Nxe5 27.Bxe5 Qxg4+ 28.Bg3 Rf8  0-1

[Event "ch-IRI 2013"]
[Site "Tabriz IRI"]
[Date "2013.12.01"]
[Round "6.9"]
[White "Nasri,A"]
[Black "Ahmadinia,E"]
[Result "1-0"]
[WhiteElo "2320"]
[BlackElo "2398"]

1.d4 d5 2.c4 c6 3.Nf3 Nf6 4.Nc3 a6 5.Bg5 Ne4 6.Bf4 Nxc3 7.bxc3 dxc4 8.g3 b5
9.Bg2 Bb7 10.Ne5 Qc8 11.e4 Nd7 12.O-O e6 13.Re1 Nxe5 14.Bxe5 f6 15.Bf4 Ba3
16.Qh5+ g6 17.Qh6 Bf8 18.Qh4 Be7 19.Bh6 Kf7 20.f4 f5 21.Bg5 Bxg5 22.fxg5 Qd8
23.exf5 exf5 24.g4 Bc8 25.Bxc6 Ra7 26.Re5 h6 27.Bd5+ Kf8 28.Rae1 Bd7 29.Re7 Be6
30.R1xe6 Qxd5 31.Re8+ Kg7 32.Rxh8  1-0

[Event "2nd Hyderabad GM Open 2013"]
[Site "Hyderabad IND"]
[Date "2013.12.02"]
[Round "10.5"]
[White "Deepan,C"]
[Black "Borovikov,V"]
[Result "1/2-1/2"]
[WhiteElo "2471"]
[BlackElo "2558"]

1.d4 d5 2.c4 c6 3.Nf3 Nf6 4.Nc3 a6 5.g3 dxc4 6.a4 e6 7.Bg2 c5 8.dxc5 Qxd1+
9.Nxd1 Bd7 10.Ne3 Bc6 11.Nxc4 Bxc5 12.O-O Nbd7 13.Nfe5 Nxe5 14.Nxe5 Bxg2
15.Kxg2 Nd7 16.Nxd7 Kxd7 17.Rd1+ Ke7 18.Bg5+ f6 19.Rac1 Rac8 20.Bd2 Rhd8
21.Kf3 Ke8 22.Be3 Rxd1 23.Rxd1 Bxe3 24.Kxe3 Rc2 25.Rd2 Rxd2  1/2-1/2

[Event "1st Lima International 2013"]
[Site "Lima PER"]
[Date "2013.12.02"]
[Round "9.3"]
[White "Requejo,O"]
[Black "Gemy,J"]
[Result "1/2-1/2"]
[WhiteElo "2302"]
[BlackElo "2329"]

1.d4 d5 2.c4 c6 3.Nf3 Nf6 4.Nc3 a6 5.a4 e6 6.Bg5 a5 7.e3 Na6 8.cxd5 exd5
9.Bxa6 Rxa6 10.O-O Be7 11.Ne5 O-O 12.Nd3 Nd7 13.Bxe7 Qxe7 14.Qd2 Ra7 15.Rfe1  1/2-1/2

[Event "XXVII Belgrade Trophy"]
[Site "Obrenovac SRB"]
[Date "2013.12.02"]
[Round "9.18"]
[White "Ninov,D"]
[Black "Nestorovic,L"]
[Result "1/2-1/2"]
[WhiteElo "2219"]
[BlackElo "2387"]

1.d4 d5 2.Nf3 Nf6 3.c4 c6 4.Nc3 a6 5.Bf4 b5 6.cxd5 cxd5 7.e3 e6 8.Bd3 Be7
9.O-O Bb7 10.Rc1 Bc8 11.Ra1 Bb7 12.Rc1 O-O 13.a4 b4 14.Ne2 Nc6 15.Ne5 Nxe5
16.Bxe5 Bd6 17.f3 Bxe5 18.dxe5 Nd7 19.f4 Rc8 20.Rxc8 Qxc8 21.Qd2 Qc5 22.Rc1 Qb6
23.Nd4 g6 24.Nb3 Rc8 25.Rxc8+ Bxc8 26.a5 Qa7 27.Kf2 Qb8 28.Qc2 Kg7 29.Nc5 g5
30.Nxd7 Bxd7 31.Qc5 Qd8 32.g3 gxf4 33.exf4 Bb5 34.Qb6 Qc8 35.Bxb5 axb5 36.a6 Qc2+
37.Kf3 Qe4+ 38.Kf2 d4 39.a7 d3 40.Qd8 Qe2+ 41.Kg1 Qe3+ 42.Kg2 Qxa7 43.Qg5+ Kf8
44.Qd8+ Kg7 45.Qg5+  1/2-1/2

[Event "Porec Open 2013"]
[Site "Porec CRO"]
[Date "2013.12.05"]
[Round "1.11"]
[White "Brecevac,V"]
[Black "Trempetic,M"]
[Result "0-1"]
[WhiteElo "1573"]
[BlackElo "2064"]

1.d4 d5 2.c4 c6 3.Nc3 Nf6 4.Nf3 a6 5.e3 e6 6.Bd3 dxc4 7.Bxc4 b5 8.Bb3 Nbd7
9.O-O Bb7 10.Re1 c5 11.dxc5 Bxc5 12.a3 O-O 13.Bc2 Qc7 14.Qe2 Rac8 15.e4 h6
16.h3 e5 17.Be3 Bxe3 18.Qxe3 Nc5 19.Rad1 Rfd8 20.Rd2 Rxd2 21.Nxd2 Ne6 22.Rd1 a5
23.Bb3 Nd4 24.Ba2 b4 25.axb4 Nc2 26.Qe2 Nxb4 27.Bc4 Nc2 28.Qd3 Nd4 29.b3 Nxb3
30.Nd5 Nxd5 31.Qxb3 a4 32.Qb2 Nf4 33.f3 Qc5+ 34.Kh2 Rc7 35.Qa2 Bc8 36.Qxa4 Qf2
37.Bf1 Bxh3 38.Qe8+ Kh7 39.Qxe5 Bxg2 40.Qf5+ g6 41.Qg4 Bxf1+ 42.Kh1 Bg2+  0-1

[Event "TCh-AUT 1st Bundesliga 2013-14"]
[Site "Jenbach AUT"]
[Date "2013.12.07"]
[Round "2.4"]
[White "Paehtz,E"]
[Black "Schneider,Il"]
[Result "1/2-1/2"]
[WhiteElo "2452"]
[BlackElo "2511"]

1.Nf3 Nf6 2.c4 c6 3.d4 d5 4.Nc3 a6 5.cxd5 cxd5 6.Bf4 Nc6 7.Ne5 Qb6 8.Nxc6 bxc6
9.Qd2 Bf5 10.f3 e6 11.Rc1 a5 12.Na4 Qb7 13.a3 Be7 14.Nc5 Qa7 15.e3 O-O 16.Be2 Nh5
17.Be5 f6 18.Bg3 Nxg3 19.hxg3 e5 20.g4 Bg6 21.Bd3 exd4 22.Bxg6 hxg6 23.Qxd4 Rab8
24.Nd3 Qxd4 25.exd4 f5 26.gxf5 gxf5 27.Rxc6 Bf6 28.Rc5 Bxd4 29.Rxd5 Bxb2
30.Nxb2 Rfe8+ 31.Kf2 Rxb2+ 32.Kg3 f4+ 33.Kxf4 Rxg2 34.Rxa5 Rf8+ 35.Ke3 Re8+
36.Kf4 Rf8+ 37.Ke4  1/2-1/2

[Event "TCh-AUT 1st Bundesliga 2013-14"]
[Site "Jenbach AUT"]
[Date "2013.12.07"]
[Round "2.6"]
[White "Stangl,M"]
[Black "Petschar,H"]
[Result "1-0"]
[WhiteElo "2442"]
[BlackElo "2117"]

1.Nf3 d5 2.d4 Nf6 3.c4 c6 4.Nc3 a6 5.a4 g6 6.Bf4 Bg7 7.e3 O-O 8.h3 Bf5 9.Qb3 Bc8
10.Be2 a5 11.O-O Na6 12.cxd5 cxd5 13.Rac1 Nb4 14.Nb5 Bf5 15.Bc7 Qe8 16.Bxa5 Rxa5
17.Qxb4 Qa8 18.b3 Ne4 19.Qxe7 Rc8 20.Nd6 Nxd6 21.Qxd6 Rc2 22.Bb5  1-0